00834nam a2200241Ia 450000100060000000300070000600500170001300800410003002000180007104000110008904100080010008000190010810000220012724501590014926400300030830000270033854100120036565300520037765300600042965300320048965300390052170000320056021657GE_BSU20230731153636.0181216s||||||||xx |||||||||||||| ||und|| a9788360229262 cGE_BSU apol a811.162.1 B-96 aBurkat, Agnieszka aHurra!!! Po Polsku : Student's Textbook Volume 2. A2 :bPropozycja programowa na poziom A2. Podrecznik Studenta /cAgnieszka Burkat, Agnieszka Jasinska. aKrakow :bProlog, c2010. a188 p. ;c27 cm.e+2CD h10 Gel. aHurra!!! Po Polsku: Student's Textbook Volume 2 aPropozycja programowa na poziom A2. Podrecznik Studenta aПольский язык aპოლონური ენა aJasinska, Agnieszkaeauthor